<?xml version="1.0" encoding="UTF-8"?>
<record
    xmlns:xsi="http://www.w3.org/2001/XMLSchema-instance"
    xsi:schemaLocation="http://www.loc.gov/MARC21/slim http://www.loc.gov/standards/marcxml/schema/MARC21slim.xsd"
    xmlns="http://www.loc.gov/MARC21/slim">

  <leader>04214nam a2200805 u 4500</leader>
  <controlfield tag="001">827733</controlfield>
  <controlfield tag="005">20260506095714.0</controlfield>
  <controlfield tag="008">030620s2002                        spa  </controlfield>
  <datafield tag="020" ind1=" " ind2=" ">
    <subfield code="a">9701038940</subfield>
  </datafield>
  <datafield tag="035" ind1=" " ind2=" ">
    <subfield code="a">827733</subfield>
  </datafield>
  <datafield tag="035" ind1=" " ind2=" ">
    <subfield code="a">(OCoLC)628658223</subfield>
  </datafield>
  <datafield tag="040" ind1=" " ind2=" ">
    <subfield code="c">comduadb</subfield>
  </datafield>
  <datafield tag="041" ind1=" " ind2=" ">
    <subfield code="a">spa</subfield>
  </datafield>
  <datafield tag="080" ind1=" " ind2=" ">
    <subfield code="a">QD</subfield>
  </datafield>
  <datafield tag="082" ind1=" " ind2="4">
    <subfield code="a">540</subfield>
  </datafield>
  <datafield tag="082" ind1=" " ind2="4">
    <subfield code="a">541</subfield>
  </datafield>
  <datafield tag="100" ind1="1" ind2="0">
    <subfield code="a">Chang, Raymond,</subfield>
    <subfield code="d">1957-</subfield>
    <subfield code="4">aut</subfield>
    <subfield code="0">(isni)0000000109789018</subfield>
    <subfield code="0">(viaf) 60966127</subfield>
    <subfield code="e">aut</subfield>
    <subfield code="9">473769</subfield>
  </datafield>
  <datafield tag="245" ind1="1" ind2="0">
    <subfield code="a">Qu&#xED;mica</subfield>
  </datafield>
  <datafield tag="250" ind1=" " ind2=" ">
    <subfield code="a">7. edici&#xF3;n.</subfield>
  </datafield>
  <datafield tag="260" ind1=" " ind2=" ">
    <subfield code="a">M&#xE9;xico :</subfield>
    <subfield code="b">McGraw-Hill Interamericana,</subfield>
    <subfield code="c">2002.</subfield>
  </datafield>
  <datafield tag="300" ind1=" " ind2=" ">
    <subfield code="a">999 p&#xE1;ginas :</subfield>
    <subfield code="b">ilustraciones.</subfield>
  </datafield>
  <datafield tag="505" ind1=" " ind2=" ">
    <subfield code="a">CONTENIDO : Aplicaciones. -- Prefacio. -- Herramientas. -- Cap&#xED;tulo 1: Qu&#xED;mica: el estudio de los cambios. -- Cap&#xED;tulo 2: &#xC1;tomos, mol&#xE9;culas y iones. -- Cap&#xED;tulo 3: Relaciones de masa en las reacciones qu&#xED;micas. -- Cap&#xED;tulo 4: Reacciones en disoluci&#xF3;n acuosa. -- Cap&#xED;tulo 5: Gases. -- Cap&#xED;tulo 6: Termoqu&#xED;mica. -- Cap&#xED;tulo 7: La teor&#xED;a cu&#xE1;ntica y la estructura electr&#xF3;nica de los &#xE1;tomos. -- Cap&#xED;tulo 8: Relaciones peri&#xF3;dicas de los elementos. -- Cap&#xED;tulo 9: Enlace qu&#xED;mico I: conceptos b&#xE1;sicos. -- Cap&#xED;tulo 10: Enlace qu&#xED;mico II: geometr&#xED;a molecular e hibridaci&#xF3;n de orbitales at&#xF3;micos. -- Cap&#xED;tulo 11: Las fuerzas intermoleculares y los l&#xED;quidos s&#xF3;lidos. -- Cap&#xED;tulo 12: Propiedades f&#xED;sicas de las disoluciones. -- Cap&#xED;tulo 13: Cin&#xE9;tica qu&#xED;mica. -- Cap&#xED;tulo 14: Equilibrio qu&#xED;mico. -- Cap&#xED;tulo 15: &#xC1;cidos y bases. -- Cap&#xED;tulo 16: Equilibrios &#xE1;cido-base y equilibrio de solubilidad. -- Cap&#xED;tulo 17: La qu&#xED;mica de la atm&#xF3;sfera. -- Cap&#xED;tulo 18: Entrop&#xED;a, energ&#xED;a libre y equilibrio. -- Cap&#xED;tulo 19: Electroqu&#xED;mica. -- Cap&#xED;tulo 20: Metalurgia y qu&#xED;mica de los metales. -- Cap&#xED;tulo 21: Elementos no met&#xE1;licos y sus compuestos. -- Cap&#xED;tulo 22: La qu&#xED;mica de los metales de transici&#xF3;n y los compuestos de coordinaci&#xF3;n. -- Cap&#xED;tulo 23: Qu&#xED;mica nuclear. -- Cap&#xED;tulo 24: Qu&#xED;mica org&#xE1;nica. -- Cap&#xED;tulo 25: Pol&#xED;meros org&#xE1;nicos sint&#xE9;ticos y naturales. -- Ap&#xE9;ndices. -- Glosario. -- Respuestas a los problemas con n&#xFA;mero par. -- Cr&#xE9;ditos fotogr&#xE1;ficos. -- &#xCD;ndice.</subfield>
  </datafield>
  <datafield tag="650" ind1=" " ind2="7">
    <subfield code="a">Teor&#xED;a cu&#xE1;ntica</subfield>
    <subfield code="2">lemb</subfield>
    <subfield code="9">22668</subfield>
  </datafield>
  <datafield tag="650" ind1=" " ind2=" ">
    <subfield code="a">Estructura electr&#xF3;nica</subfield>
    <subfield code="9">10138</subfield>
  </datafield>
  <datafield tag="650" ind1=" " ind2=" ">
    <subfield code="a">Problemas y ejercicios de qu&#xED;mica</subfield>
    <subfield code="9">175388</subfield>
  </datafield>
  <datafield tag="650" ind1=" " ind2="7">
    <subfield code="a">Reacci&#xF3;n de oxidaci&#xF3;n-reducci&#xF3;n</subfield>
    <subfield code="2">lemb</subfield>
    <subfield code="9">48119</subfield>
  </datafield>
  <datafield tag="650" ind1=" " ind2="7">
    <subfield code="a">Teor&#xED;a del Big Bang</subfield>
    <subfield code="2">lemb</subfield>
    <subfield code="9">38100</subfield>
  </datafield>
  <datafield tag="650" ind1=" " ind2=" ">
    <subfield code="a">Teor&#xED;a at&#xF3;mica</subfield>
    <subfield code="9">6444</subfield>
  </datafield>
  <datafield tag="650" ind1=" " ind2=" ">
    <subfield code="a">F&#xF3;rmulas qu&#xED;micas</subfield>
    <subfield code="9">65660</subfield>
  </datafield>
  <datafield tag="650" ind1=" " ind2=" ">
    <subfield code="a">Nomenclatura</subfield>
    <subfield code="9">35462</subfield>
  </datafield>
  <datafield tag="650" ind1=" " ind2=" ">
    <subfield code="a">Compuestos qu&#xED;micos</subfield>
    <subfield code="9">23494</subfield>
  </datafield>
  <datafield tag="650" ind1=" " ind2=" ">
    <subfield code="a">Fertilizantes qu&#xED;micos</subfield>
    <subfield code="9">117706</subfield>
  </datafield>
  <datafield tag="650" ind1=" " ind2="0">
    <subfield code="a">Disoluciones acuosas</subfield>
    <subfield code="9">144146</subfield>
  </datafield>
  <datafield tag="650" ind1=" " ind2="7">
    <subfield code="a">Termoqu&#xED;mica</subfield>
    <subfield code="2">lemb</subfield>
    <subfield code="9">2172</subfield>
  </datafield>
  <datafield tag="650" ind1=" " ind2=" ">
    <subfield code="a">Calorimetr&#xED;a</subfield>
    <subfield code="9">1477</subfield>
  </datafield>
  <datafield tag="650" ind1=" " ind2="7">
    <subfield code="a">Termodin&#xE1;mica</subfield>
    <subfield code="2">lemb</subfield>
    <subfield code="9">55599</subfield>
  </datafield>
  <datafield tag="650" ind1=" " ind2=" ">
    <subfield code="a">Orbitales at&#xF3;micos</subfield>
    <subfield code="9">43702</subfield>
  </datafield>
  <datafield tag="650" ind1=" " ind2="7">
    <subfield code="a">Tabla peri&#xF3;dica (Qu&#xED;mica)</subfield>
    <subfield code="2">lemb</subfield>
    <subfield code="9">57626</subfield>
  </datafield>
  <datafield tag="650" ind1=" " ind2=" ">
    <subfield code="a">Gases nobles</subfield>
    <subfield code="9">110976</subfield>
  </datafield>
  <datafield tag="650" ind1=" " ind2=" ">
    <subfield code="a">Enlace covalente</subfield>
    <subfield code="9">120714</subfield>
  </datafield>
  <datafield tag="650" ind1=" " ind2=" ">
    <subfield code="a">Enlaces qu&#xED;micos</subfield>
    <subfield code="9">1024</subfield>
  </datafield>
  <datafield tag="650" ind1=" " ind2=" ">
    <subfield code="a">Orbitales moleculares</subfield>
    <subfield code="9">33428</subfield>
  </datafield>
  <datafield tag="650" ind1=" " ind2=" ">
    <subfield code="a">Diagramas de fase</subfield>
    <subfield code="9">10181</subfield>
  </datafield>
  <datafield tag="650" ind1=" " ind2=" ">
    <subfield code="a">Desalinizaci&#xF3;n</subfield>
    <subfield code="9">59619</subfield>
  </datafield>
  <datafield tag="650" ind1=" " ind2=" ">
    <subfield code="a">Coloides</subfield>
    <subfield code="9">117</subfield>
  </datafield>
  <datafield tag="650" ind1=" " ind2=" ">
    <subfield code="a">Cin&#xE9;tica qu&#xED;mica</subfield>
    <subfield code="9">25799</subfield>
  </datafield>
  <datafield tag="650" ind1=" " ind2="7">
    <subfield code="a">Equilibrio qu&#xED;mico</subfield>
    <subfield code="2">lemb</subfield>
    <subfield code="9">33433</subfield>
  </datafield>
  <datafield tag="650" ind1=" " ind2=" ">
    <subfield code="a">&#xC1;cido-base</subfield>
    <subfield code="9">107970</subfield>
  </datafield>
  <datafield tag="650" ind1=" " ind2="7">
    <subfield code="a">Qu&#xED;mica atmosf&#xE9;rica</subfield>
    <subfield code="2">embne</subfield>
    <subfield code="9">10536</subfield>
  </datafield>
  <datafield tag="650" ind1=" " ind2=" ">
    <subfield code="a">Sangre - Examen</subfield>
    <subfield code="9">32838</subfield>
  </datafield>
  <datafield tag="650" ind1=" " ind2=" ">
    <subfield code="a">Entrop&#xED;a</subfield>
    <subfield code="9">34298</subfield>
  </datafield>
  <datafield tag="650" ind1=" " ind2=" ">
    <subfield code="a">Electroqu&#xED;mica</subfield>
    <subfield code="9">2021</subfield>
  </datafield>
  <datafield tag="650" ind1=" " ind2=" ">
    <subfield code="a">Metalurgia</subfield>
    <subfield code="9">24720</subfield>
  </datafield>
  <datafield tag="650" ind1=" " ind2="7">
    <subfield code="a">Propiedades de la materia</subfield>
    <subfield code="2">lemb</subfield>
    <subfield code="9">9663</subfield>
  </datafield>
  <datafield tag="650" ind1=" " ind2=" ">
    <subfield code="a">Metales - Propiedades</subfield>
    <subfield code="9">171411</subfield>
  </datafield>
  <datafield tag="650" ind1=" " ind2="7">
    <subfield code="a">Qu&#xED;mica nuclear</subfield>
    <subfield code="2">armarc</subfield>
    <subfield code="9">3644</subfield>
  </datafield>
  <datafield tag="650" ind1=" " ind2=" ">
    <subfield code="a">Radiacion - Efecto sobre los alimentos</subfield>
    <subfield code="9">177792</subfield>
  </datafield>
  <datafield tag="650" ind1=" " ind2="7">
    <subfield code="a">Radiaci&#xF3;n</subfield>
    <subfield code="2">lemb</subfield>
    <subfield code="9">854</subfield>
  </datafield>
  <datafield tag="650" ind1=" " ind2=" ">
    <subfield code="a">Compuestos org&#xE1;nicos</subfield>
    <subfield code="9">41504</subfield>
  </datafield>
  <datafield tag="650" ind1=" " ind2=" ">
    <subfield code="a">Hidrocarburos</subfield>
    <subfield code="9">2775</subfield>
  </datafield>
  <datafield tag="650" ind1=" " ind2=" ">
    <subfield code="a">Pol&#xED;meros</subfield>
    <subfield code="9">17208</subfield>
  </datafield>
  <datafield tag="650" ind1=" " ind2=" ">
    <subfield code="a">Estructura de proteinas</subfield>
    <subfield code="9">27777</subfield>
  </datafield>
  <datafield tag="650" ind1=" " ind2="7">
    <subfield code="a">&#xC1;cidos nucleicos</subfield>
    <subfield code="2">dcs</subfield>
    <subfield code="9">20983</subfield>
  </datafield>
  <datafield tag="650" ind1=" " ind2=" ">
    <subfield code="a">Anemia falciforme</subfield>
  </datafield>
  <datafield tag="650" ind1=" " ind2=" ">
    <subfield code="a">Quimica experimental</subfield>
    <subfield code="9">65324</subfield>
  </datafield>
  <datafield tag="650" ind1=" " ind2="7">
    <subfield code="a">Teor&#xED;a cu&#xE1;ntica</subfield>
    <subfield code="2">lemb</subfield>
    <subfield code="9">22668</subfield>
  </datafield>
  <datafield tag="700" ind1="1" ind2="0">
    <subfield code="a">College, Williams</subfield>
    <subfield code="4">aut</subfield>
    <subfield code="e">aut</subfield>
    <subfield code="9">374401</subfield>
  </datafield>
  <datafield tag="700" ind1="1" ind2="0">
    <subfield code="a">Ram&#xED;rez Medeles, Mar&#xED;a del Carmen</subfield>
    <subfield code="4">trl</subfield>
    <subfield code="e">trl</subfield>
    <subfield code="9">330278</subfield>
  </datafield>
  <datafield tag="942" ind1=" " ind2=" ">
    <subfield code="c">BOOK</subfield>
  </datafield>
  <datafield tag="999" ind1=" " ind2=" ">
    <subfield code="c">281936</subfield>
    <subfield code="d">281936</subfield>
  </datafield>
  <datafield tag="952" ind1=" " ind2=" ">
    <subfield code="0">0</subfield>
    <subfield code="1">0</subfield>
    <subfield code="4">0</subfield>
    <subfield code="7">0</subfield>
    <subfield code="8">GENERAL</subfield>
    <subfield code="a">BR</subfield>
    <subfield code="b">BR</subfield>
    <subfield code="d">2011-02-03</subfield>
    <subfield code="e">Material adquirido por donaci&#xF3;n</subfield>
    <subfield code="i">C1108752</subfield>
    <subfield code="l">0</subfield>
    <subfield code="o">QD31 Ch3 e2</subfield>
    <subfield code="p">0748762</subfield>
    <subfield code="r">2023-04-25 00:00:00</subfield>
    <subfield code="t">1</subfield>
    <subfield code="w">2023-04-25</subfield>
    <subfield code="y">BOOK</subfield>
  </datafield>
  <datafield tag="952" ind1=" " ind2=" ">
    <subfield code="0">0</subfield>
    <subfield code="1">0</subfield>
    <subfield code="2">ddc</subfield>
    <subfield code="4">0</subfield>
    <subfield code="7">0</subfield>
    <subfield code="8">GEN</subfield>
    <subfield code="a">BC</subfield>
    <subfield code="b">BC</subfield>
    <subfield code="d">2003-10-31</subfield>
    <subfield code="e">Cooprudea  (Cooperativa de Profesores de la Universidad de Antioquia)</subfield>
    <subfield code="i">C810254</subfield>
    <subfield code="l">5</subfield>
    <subfield code="m">2</subfield>
    <subfield code="o">540 Ch456qui</subfield>
    <subfield code="p">61000005031116</subfield>
    <subfield code="r">2025-06-18 20:18:34</subfield>
    <subfield code="s">2024-10-25</subfield>
    <subfield code="t">2</subfield>
    <subfield code="w">2023-04-25</subfield>
    <subfield code="y">BOOK</subfield>
  </datafield>
  <datafield tag="952" ind1=" " ind2=" ">
    <subfield code="0">0</subfield>
    <subfield code="1">0</subfield>
    <subfield code="4">0</subfield>
    <subfield code="7">0</subfield>
    <subfield code="8">GEN</subfield>
    <subfield code="a">BC</subfield>
    <subfield code="b">BC</subfield>
    <subfield code="d">2023-04-25</subfield>
    <subfield code="e">Cooprudea (Cooperativa de Profesores de la Universidad de Antioquia)</subfield>
    <subfield code="g">85000.00</subfield>
    <subfield code="i">C815613</subfield>
    <subfield code="l">0</subfield>
    <subfield code="o">540 Ch456qui e2</subfield>
    <subfield code="p">61000004186251</subfield>
    <subfield code="r">2023-04-25 00:00:00</subfield>
    <subfield code="t">3</subfield>
    <subfield code="w">2023-04-25</subfield>
    <subfield code="y">BOOK</subfield>
  </datafield>
  <datafield tag="952" ind1=" " ind2=" ">
    <subfield code="0">0</subfield>
    <subfield code="1">0</subfield>
    <subfield code="4">0</subfield>
    <subfield code="7">0</subfield>
    <subfield code="8">GEN</subfield>
    <subfield code="a">BC</subfield>
    <subfield code="b">BC</subfield>
    <subfield code="d">2023-04-25</subfield>
    <subfield code="e">Cooprudea (Cooperativa de Profesores de la Universidad de Antioquia)</subfield>
    <subfield code="g">85000.00</subfield>
    <subfield code="i">C815614</subfield>
    <subfield code="l">0</subfield>
    <subfield code="o">540 Ch456qui e3</subfield>
    <subfield code="p">61000004186268</subfield>
    <subfield code="r">2024-11-07 00:00:00</subfield>
    <subfield code="t">4</subfield>
    <subfield code="w">2023-04-25</subfield>
    <subfield code="y">BOOKI</subfield>
  </datafield>
  <datafield tag="952" ind1=" " ind2=" ">
    <subfield code="0">0</subfield>
    <subfield code="1">0</subfield>
    <subfield code="4">0</subfield>
    <subfield code="7">0</subfield>
    <subfield code="8">GEN</subfield>
    <subfield code="a">BC</subfield>
    <subfield code="b">BC</subfield>
    <subfield code="d">2023-04-25</subfield>
    <subfield code="e">Cooprudea (Cooperativa de Profesores de la Universidad de Antioquia)</subfield>
    <subfield code="g">85000.00</subfield>
    <subfield code="i">C815615</subfield>
    <subfield code="l">5</subfield>
    <subfield code="o">540 Ch456qui e4</subfield>
    <subfield code="p">61000004186282</subfield>
    <subfield code="r">2025-04-09 14:55:05</subfield>
    <subfield code="s">2024-04-01</subfield>
    <subfield code="t">5</subfield>
    <subfield code="w">2023-04-25</subfield>
    <subfield code="y">BOOKR</subfield>
  </datafield>
  <datafield tag="952" ind1=" " ind2=" ">
    <subfield code="0">0</subfield>
    <subfield code="1">0</subfield>
    <subfield code="4">0</subfield>
    <subfield code="7">0</subfield>
    <subfield code="8">GEN</subfield>
    <subfield code="a">BC</subfield>
    <subfield code="b">BC</subfield>
    <subfield code="d">2023-04-25</subfield>
    <subfield code="e">Cooprudea (Cooperativa de Profesores de la Universidad de Antioquia)</subfield>
    <subfield code="g">85000.00</subfield>
    <subfield code="i">C815616</subfield>
    <subfield code="l">4</subfield>
    <subfield code="m">2</subfield>
    <subfield code="o">540 Ch456qui e5</subfield>
    <subfield code="p">01004078</subfield>
    <subfield code="r">2025-10-08 18:24:27</subfield>
    <subfield code="s">2024-08-12</subfield>
    <subfield code="t">6</subfield>
    <subfield code="w">2023-04-25</subfield>
    <subfield code="y">BOOK</subfield>
  </datafield>
  <datafield tag="952" ind1=" " ind2=" ">
    <subfield code="0">0</subfield>
    <subfield code="1">0</subfield>
    <subfield code="4">0</subfield>
    <subfield code="7">0</subfield>
    <subfield code="8">GEN</subfield>
    <subfield code="a">BC</subfield>
    <subfield code="b">BC</subfield>
    <subfield code="d">2023-04-25</subfield>
    <subfield code="e">Cooprudea (Cooperativa de Profesores de la Universidad de Antioquia)</subfield>
    <subfield code="g">85000.00</subfield>
    <subfield code="i">C815617</subfield>
    <subfield code="l">0</subfield>
    <subfield code="o">540 Ch456qui e6</subfield>
    <subfield code="p">61000004186305</subfield>
    <subfield code="r">2023-04-25 00:00:00</subfield>
    <subfield code="t">7</subfield>
    <subfield code="w">2023-04-25</subfield>
    <subfield code="y">BOOKR</subfield>
  </datafield>
  <datafield tag="952" ind1=" " ind2=" ">
    <subfield code="0">0</subfield>
    <subfield code="1">0</subfield>
    <subfield code="4">0</subfield>
    <subfield code="7">0</subfield>
    <subfield code="8">GEN</subfield>
    <subfield code="a">BC</subfield>
    <subfield code="b">BC</subfield>
    <subfield code="d">2004-04-14</subfield>
    <subfield code="e">CIS (Corporacion Interuniversitaria de Servicios)</subfield>
    <subfield code="g">89000.00</subfield>
    <subfield code="i">C823834</subfield>
    <subfield code="l">1</subfield>
    <subfield code="o">540 Ch456qui e7</subfield>
    <subfield code="p">61000004900307</subfield>
    <subfield code="r">2024-08-16 00:00:00</subfield>
    <subfield code="s">2023-11-02</subfield>
    <subfield code="t">8</subfield>
    <subfield code="w">2023-04-25</subfield>
    <subfield code="y">BOOKI</subfield>
  </datafield>
  <datafield tag="952" ind1=" " ind2=" ">
    <subfield code="0">0</subfield>
    <subfield code="1">0</subfield>
    <subfield code="4">0</subfield>
    <subfield code="7">0</subfield>
    <subfield code="8">GEN</subfield>
    <subfield code="a">BC</subfield>
    <subfield code="b">BC</subfield>
    <subfield code="d">2005-03-18</subfield>
    <subfield code="e">CIS (Corporacion Interuniversitaria de Servicios)</subfield>
    <subfield code="g">94000.00</subfield>
    <subfield code="i">C859729</subfield>
    <subfield code="l">3</subfield>
    <subfield code="m">2</subfield>
    <subfield code="o">540 Ch456qui e9</subfield>
    <subfield code="p">0550398</subfield>
    <subfield code="r">2024-09-17 00:00:00</subfield>
    <subfield code="s">2024-07-29</subfield>
    <subfield code="t">9</subfield>
    <subfield code="w">2023-04-25</subfield>
    <subfield code="y">BOOK</subfield>
  </datafield>
  <datafield tag="952" ind1=" " ind2=" ">
    <subfield code="0">0</subfield>
    <subfield code="1">0</subfield>
    <subfield code="2">ddc</subfield>
    <subfield code="4">0</subfield>
    <subfield code="7">0</subfield>
    <subfield code="8">GEN</subfield>
    <subfield code="a">BC</subfield>
    <subfield code="b">BC</subfield>
    <subfield code="d">2005-03-18</subfield>
    <subfield code="e">CIS (Corporacion Interuniversitaria de Servicios)</subfield>
    <subfield code="g">94000.00</subfield>
    <subfield code="i">C859731</subfield>
    <subfield code="l">4</subfield>
    <subfield code="m">1</subfield>
    <subfield code="o">540 Ch456qui e10</subfield>
    <subfield code="p">0550393</subfield>
    <subfield code="r">2024-10-09 00:00:00</subfield>
    <subfield code="s">2024-09-05</subfield>
    <subfield code="t">10</subfield>
    <subfield code="w">2023-04-25</subfield>
    <subfield code="y">BOOK</subfield>
  </datafield>
  <datafield tag="952" ind1=" " ind2=" ">
    <subfield code="0">0</subfield>
    <subfield code="1">0</subfield>
    <subfield code="4">0</subfield>
    <subfield code="7">0</subfield>
    <subfield code="8">GEN</subfield>
    <subfield code="a">BC</subfield>
    <subfield code="b">BC</subfield>
    <subfield code="d">2005-03-18</subfield>
    <subfield code="e">CIS (Corporacion Interuniversitaria de Servicios)</subfield>
    <subfield code="g">94000.00</subfield>
    <subfield code="i">C859732</subfield>
    <subfield code="l">2</subfield>
    <subfield code="o">540 Ch456qui e11</subfield>
    <subfield code="p">0550396</subfield>
    <subfield code="r">2024-04-25 00:00:00</subfield>
    <subfield code="s">2024-02-23</subfield>
    <subfield code="t">11</subfield>
    <subfield code="w">2023-04-25</subfield>
    <subfield code="y">BOOK</subfield>
  </datafield>
  <datafield tag="952" ind1=" " ind2=" ">
    <subfield code="0">0</subfield>
    <subfield code="1">0</subfield>
    <subfield code="2">ddc</subfield>
    <subfield code="4">0</subfield>
    <subfield code="7">0</subfield>
    <subfield code="8">GEN</subfield>
    <subfield code="a">BC</subfield>
    <subfield code="b">BC</subfield>
    <subfield code="d">2005-03-18</subfield>
    <subfield code="e">CIS (Corporacion Interuniversitaria de Servicios)</subfield>
    <subfield code="g">94000.00</subfield>
    <subfield code="i">C859734</subfield>
    <subfield code="l">6</subfield>
    <subfield code="o">540 Ch456qui e12</subfield>
    <subfield code="p">0550395</subfield>
    <subfield code="r">2026-02-02 10:01:51</subfield>
    <subfield code="s">2025-11-12</subfield>
    <subfield code="t">12</subfield>
    <subfield code="w">2023-04-25</subfield>
    <subfield code="y">BOOK</subfield>
  </datafield>
  <datafield tag="952" ind1=" " ind2=" ">
    <subfield code="0">0</subfield>
    <subfield code="1">0</subfield>
    <subfield code="4">0</subfield>
    <subfield code="7">0</subfield>
    <subfield code="8">GEN</subfield>
    <subfield code="a">BC</subfield>
    <subfield code="b">BC</subfield>
    <subfield code="d">2007-04-20</subfield>
    <subfield code="e">Material pagado con consignaci&#xF3;n</subfield>
    <subfield code="g">70000.00</subfield>
    <subfield code="i">C946314</subfield>
    <subfield code="l">1</subfield>
    <subfield code="o">540 Ch456qui e14</subfield>
    <subfield code="p">0719665</subfield>
    <subfield code="r">2025-11-12 16:47:07</subfield>
    <subfield code="s">2023-10-11</subfield>
    <subfield code="t">14</subfield>
    <subfield code="w">2023-04-25</subfield>
    <subfield code="y">BOOKR</subfield>
  </datafield>
  <datafield tag="952" ind1=" " ind2=" ">
    <subfield code="0">0</subfield>
    <subfield code="1">0</subfield>
    <subfield code="4">0</subfield>
    <subfield code="7">0</subfield>
    <subfield code="8">GEN</subfield>
    <subfield code="a">BC</subfield>
    <subfield code="b">BC</subfield>
    <subfield code="d">2005-09-22</subfield>
    <subfield code="e">Argos</subfield>
    <subfield code="g">84600.00</subfield>
    <subfield code="i">C882440</subfield>
    <subfield code="l">1</subfield>
    <subfield code="m">1</subfield>
    <subfield code="o">541 Ch456q e2</subfield>
    <subfield code="p">0567550</subfield>
    <subfield code="r">2024-05-21 00:00:00</subfield>
    <subfield code="s">2024-03-08</subfield>
    <subfield code="t">16</subfield>
    <subfield code="w">2023-04-25</subfield>
    <subfield code="y">BOOK</subfield>
  </datafield>
  <datafield tag="952" ind1=" " ind2=" ">
    <subfield code="0">0</subfield>
    <subfield code="1">0</subfield>
    <subfield code="4">0</subfield>
    <subfield code="7">0</subfield>
    <subfield code="8">GENERAL</subfield>
    <subfield code="a">BR</subfield>
    <subfield code="b">BR</subfield>
    <subfield code="d">2007-02-05</subfield>
    <subfield code="e">Cooprudea</subfield>
    <subfield code="g">78320.00</subfield>
    <subfield code="i">C937873</subfield>
    <subfield code="l">0</subfield>
    <subfield code="o">QD31 Ch3</subfield>
    <subfield code="p">61000004298213</subfield>
    <subfield code="r">2023-04-25 00:00:00</subfield>
    <subfield code="t">20</subfield>
    <subfield code="w">2023-04-25</subfield>
    <subfield code="y">BOOK</subfield>
  </datafield>
  <datafield tag="952" ind1=" " ind2=" ">
    <subfield code="0">0</subfield>
    <subfield code="1">0</subfield>
    <subfield code="4">0</subfield>
    <subfield code="7">0</subfield>
    <subfield code="8">GENERAL</subfield>
    <subfield code="a">BYARU</subfield>
    <subfield code="b">BYARU</subfield>
    <subfield code="d">2008-05-12</subfield>
    <subfield code="i">C1001870</subfield>
    <subfield code="l">1</subfield>
    <subfield code="o">540/Ch456qui</subfield>
    <subfield code="p">0589157</subfield>
    <subfield code="r">2025-09-15 09:48:53</subfield>
    <subfield code="s">2025-08-13</subfield>
    <subfield code="t">21</subfield>
    <subfield code="w">2023-04-25</subfield>
    <subfield code="y">BOOK</subfield>
  </datafield>
  <datafield tag="952" ind1=" " ind2=" ">
    <subfield code="0">0</subfield>
    <subfield code="1">0</subfield>
    <subfield code="4">0</subfield>
    <subfield code="7">0</subfield>
    <subfield code="8">GENERAL</subfield>
    <subfield code="a">BOCCI</subfield>
    <subfield code="b">BOCCI</subfield>
    <subfield code="d">2008-05-13</subfield>
    <subfield code="i">C1002098</subfield>
    <subfield code="l">0</subfield>
    <subfield code="o">540 Ch456</subfield>
    <subfield code="p">0561974</subfield>
    <subfield code="r">2023-04-25 00:00:00</subfield>
    <subfield code="t">22</subfield>
    <subfield code="w">2023-04-25</subfield>
    <subfield code="y">BOOK</subfield>
  </datafield>
  <datafield tag="952" ind1=" " ind2=" ">
    <subfield code="0">0</subfield>
    <subfield code="1">0</subfield>
    <subfield code="4">0</subfield>
    <subfield code="7">0</subfield>
    <subfield code="8">GENERAL</subfield>
    <subfield code="a">BSEGO</subfield>
    <subfield code="b">BSEGO</subfield>
    <subfield code="d">2008-05-13</subfield>
    <subfield code="i">C1002229</subfield>
    <subfield code="l">0</subfield>
    <subfield code="o">540 Ch456</subfield>
    <subfield code="p">6-1000004261842</subfield>
    <subfield code="r">2023-04-25 00:00:00</subfield>
    <subfield code="t">23</subfield>
    <subfield code="w">2023-04-25</subfield>
    <subfield code="y">BOOK</subfield>
  </datafield>
  <datafield tag="952" ind1=" " ind2=" ">
    <subfield code="0">0</subfield>
    <subfield code="1">0</subfield>
    <subfield code="4">0</subfield>
    <subfield code="7">0</subfield>
    <subfield code="8">GENERAL</subfield>
    <subfield code="a">BYARU</subfield>
    <subfield code="b">BYARU</subfield>
    <subfield code="d">2011-03-15</subfield>
    <subfield code="i">C1111974</subfield>
    <subfield code="l">0</subfield>
    <subfield code="o">540/Ch456qui e2</subfield>
    <subfield code="p">61000004229927</subfield>
    <subfield code="r">2023-04-25 00:00:00</subfield>
    <subfield code="t">24</subfield>
    <subfield code="w">2023-04-25</subfield>
    <subfield code="y">BOOK</subfield>
  </datafield>
  <datafield tag="952" ind1=" " ind2=" ">
    <subfield code="0">0</subfield>
    <subfield code="1">0</subfield>
    <subfield code="4">0</subfield>
    <subfield code="7">0</subfield>
    <subfield code="8">RESERVA</subfield>
    <subfield code="a">BOCCI</subfield>
    <subfield code="b">BOCCI</subfield>
    <subfield code="d">2011-04-25</subfield>
    <subfield code="i">C1115337</subfield>
    <subfield code="l">0</subfield>
    <subfield code="o">540 CH456  e2</subfield>
    <subfield code="p">0561976</subfield>
    <subfield code="r">2023-04-25 00:00:00</subfield>
    <subfield code="t">25</subfield>
    <subfield code="w">2023-04-25</subfield>
    <subfield code="y">BOOKI</subfield>
  </datafield>
  <datafield tag="952" ind1=" " ind2=" ">
    <subfield code="0">0</subfield>
    <subfield code="1">0</subfield>
    <subfield code="4">0</subfield>
    <subfield code="7">0</subfield>
    <subfield code="8">GENERAL</subfield>
    <subfield code="a">BNORD</subfield>
    <subfield code="b">BNORD</subfield>
    <subfield code="d">2011-05-10</subfield>
    <subfield code="e">Material adquirido por donaci&#xF3;n</subfield>
    <subfield code="i">C1116429</subfield>
    <subfield code="l">0</subfield>
    <subfield code="o">540 Ch456q</subfield>
    <subfield code="p">0759102</subfield>
    <subfield code="r">2023-04-25 00:00:00</subfield>
    <subfield code="t">26</subfield>
    <subfield code="w">2023-04-25</subfield>
    <subfield code="y">BOOK</subfield>
  </datafield>
  <datafield tag="952" ind1=" " ind2=" ">
    <subfield code="0">0</subfield>
    <subfield code="1">0</subfield>
    <subfield code="2">ddc</subfield>
    <subfield code="4">0</subfield>
    <subfield code="7">0</subfield>
    <subfield code="8">GENERAL</subfield>
    <subfield code="a">CARME</subfield>
    <subfield code="b">CARME</subfield>
    <subfield code="d">2019-02-04</subfield>
    <subfield code="e">Material adquirido por donaci&#xF3;n</subfield>
    <subfield code="f">DONA</subfield>
    <subfield code="g">50000.00</subfield>
    <subfield code="i">C1305017</subfield>
    <subfield code="l">1</subfield>
    <subfield code="o">540 CH456q</subfield>
    <subfield code="p">01066630</subfield>
    <subfield code="r">2024-11-28 00:00:00</subfield>
    <subfield code="s">2024-10-19</subfield>
    <subfield code="t">27</subfield>
    <subfield code="w">2023-04-25</subfield>
    <subfield code="y">BOOK</subfield>
  </datafield>
</record>
